| 000 | 01030cam a22003014a 4500 | ||
|---|---|---|---|
| 001 | 13993821 | ||
| 005 | 20180301093748.0 | ||
| 008 | 050607s2006 paua b 001 0 eng | ||
| 010 | _a 2005050371 | ||
| 015 |
_aGBA567761 _2bnb |
||
| 016 | 7 |
_a013270372 _2Uk |
|
| 020 | _a0812238680 (cloth : alk. paper) | ||
| 020 | _a9780812238686 | ||
| 035 | _a(OCoLC)ocm60603307 | ||
| 040 |
_aDLC _cDLC _dYDX _dBAKER _dUKM _dIXA _dUBY _dCOO _dIAK _dDLC |
||
| 041 | _aeng | ||
| 042 | _apcc | ||
| 043 | _ae-be--- | ||
| 080 | _a381.457540949322209031 SIL | ||
| 082 | 0 | 0 |
_a381.457540949322209031 SIL _222 |
| 100 | 1 | _a44 | |
| 101 | _aART | ||
| 245 | 1 | 0 |
_aPeasant scenes and landscapes : _cLarry Silver. |
| 504 | _aIncludes bibliographical references (p. 317-351) and index. | ||
| 906 |
_a7 _bcbc _corignew _d1 _eocip _f20 _gy-gencatlg |
||
| 942 |
_2ddc _cBK |
||
| 999 |
_c43896 _d43896 |
||